000 00571nam a2200181Ia 4500
008 151018s9999 xx 000 0 und d
082 _bRBASDV36687
_a891.462
100 _aसदानंद मुरकर
245 _aविजया दशमी
250 _b1
260 _bललित नाट्य प्रकाशन
_c1980
300 _a67
600 _aसदानंद मुरकर
630 _aविजया दशमी
700 _aसदानंद मुरकर
730 _aविजया दशमी
942 _cBOOK
999 _c1036134
_d1036131